Normal view
MARC view
- Tyler, Lisa,
Entry Personal Name
001 - CONTROL NUMBER
- control field: 90525
003 - CONTROL NUMBER IDENTIFIER
- control field: KE-NaSUL
005 - DATE AND TIME OF LATEST TRANSACTION
- control field: 20250825172642.0
008 - FIXED-LENGTH DATA ELEMENTS
- fixed length control field: 250825|| aca||aabn | a|a d
040 ## - CATALOGING SOURCE
- Original cataloging agency: KE-NaSUL
- Transcribing agency: KE-NaSUL
100 ## - HEADING--PERSONAL NAME
- Personal name: Tyler, Lisa,
- Dates associated with a name: 1964-
670 ## - SOURCE DATA FOUND
- Source citation: Work cat.: (KE-NaSUL)57985: Tyler, Lisa, 1964-, Student companion to Ernest Hemingway, 2001.